000 00359nam a22001217a 4500
082 _a297.63
_bLIN
100 _aMartin, Lings (Abubakr siraj ad din)
_951283
245 _aMuhammad his life based on the earlist sources
260 _aRawalpindi,
_bService book club,
_c1985.
300 _a359p.
526 _a0
_b0
_c0
_d297_630000000000000_LIN
942 _2ddc
_cBK
999 _c554008
_d554008